000 00522 a2200205 4500
022 _aEng
082 _aCD5971
100 _aAdhikari, Sarita (Parajuli)
245 _aDeterminants of job satisfaction among women teachers in private school.
260 _aPokhara:
_c2010
502 _aDissertation
_bDegree in Sociology
_cP.N.C.
650 _aFiminism
650 _aGender
650 _aWome
650 _aEducational status
650 _aChildren
650 _aSalary
653 _aSociology
942 _2ddc
_cVM
999 _c71798
_d71787